00505nam a22001577a 450000500170000001000150001702000260003203500140005803700130007208200130008510000140009824500710011226000400018327001030022330000210032620220401113820.0 aENG-132194 a9788170495659c995.00 aEN-115726 bDBAD/PUB a954.0327 aDogra, PC a1947 Kashmir Invasion Why Stalemate?:bWho Failed India/cPC Dogra aNew DelhibManas Publicationsc2021 a4402/5-A, Ansari Road, (opp. HDFC Bank) Darya ganje110002bNew Delhimmanaspublications@gmail.com a264p.c22cm(hbk)